书目信息 |
| 题名: |
水中无机组份的化学分析
|
|
| 作者: | 范隆 著 ;杨静娴 译 | |
| 分册: | ||
| 出版信息: | 北京 地质出版社 1987 |
|
| 页数: | 307页 | |
| 开本: | 20cm | |
| 丛书名: | ||
| 单 册: | ||
| 中图分类: | O661.1 | |
| 科图分类: | ||
| 主题词: | 化学 | |
| 电子资源: | ||
| ISBN: | ||
| 000 | 00664nam0 2200217 450 | |
| 001 | 0660166248 | |
| 005 | 20060725164446.10 | |
| 010 | @dCNY2.75 | |
| 100 | @a20060725d1987 km y0chiy0120 ea | |
| 101 | 0 | @achi@ceng |
| 102 | @aCN@b110000 | |
| 102 | @aCN@b110000 | |
| 200 | 1 | @a水中无机组份的化学分析@Ashui zhong wu ji zu fen de hua xue fen xi@f(加)Jon C·范隆等著@F(jia)Jon C·fan long deng zhu@g杨静娴等译@Gyang jing xian deng yi |
| 210 | @a北京@c地质出版社@d1987 | |
| 215 | @a307页@d20cm | |
| 606 | 0 | @a化学 |
| 690 | @aO661.1@v3 | |
| 701 | 0 | @a范隆@Afan long@4著 |
| 702 | 0 | @a杨静娴@Ayang jing xian@4译 |
| 801 | 0 | @aCN@bPFT@c20060725 |
| 905 | @a10447@dO661.1@e3 | |
| 水中无机组份的化学分析/(加)Jon C·范隆等著/杨静娴等译.-北京:地质出版社,1987 |
| 307页;20cm |
| ISBN :CNY2.75 |
| ● |
| 相关链接 |
|
|
|
|
正题名:水中无机组份的化学分析
索取号:O661.1/3
 
预约/预借
| 序号 | 登录号 | 条形码 | 馆藏地/架位号 | 状态 | 备注 |
| 1 | 0432986 | 204329869 | 密集书库/ [索取号:O661.1/3] | 在馆 |